| 000 | 00552nam a2200193Ia 4500 | ||
|---|---|---|---|
| 005 | 20250508162915.0 | ||
| 008 | 008 250505s9999 xx 000 0 eng d | ||
| 037 | _aTextual | ||
| 040 |
_aFEDL _beng _cFEDL |
||
| 041 |
_aeng _2eng |
||
| 084 |
_a181.4, GOP _qFEDL |
||
| 100 | _aGopi Krishna | ||
| 245 | 0 | _aDivine possiblities in man | |
| 260 |
_aNew Delhi, India _bUBS Publishers' Distributors Ltd. _c1993 |
||
| 300 | _axiv,118p. | ||
| 650 |
_aOriental Philosophy _9755543 |
||
| 942 |
_cTEXL _h181.4, GOP |
||
| 999 |
_c1379358 _d1379358 |
||